<?xml version="1.0" encoding="UTF-8"?><?xml-stylesheet type="text/xsl" href="static/style.xsl"?><OAI-PMH xmlns="http://www.openarchives.org/OAI/2.0/" xmlns:xsi="http://www.w3.org/2001/XMLSchema-instance" xsi:schemaLocation="http://www.openarchives.org/OAI/2.0/ http://www.openarchives.org/OAI/2.0/OAI-PMH.xsd"><responseDate>2026-04-18T06:06:42Z</responseDate><request verb="GetRecord" identifier="oai:www.recercat.cat:20.500.12327/1708" metadataPrefix="marc">https://recercat.cat/oai/request</request><GetRecord><record><header><identifier>oai:recercat.cat:20.500.12327/1708</identifier><datestamp>2025-10-22T11:06:34Z</datestamp><setSpec>com_2072_4428</setSpec><setSpec>com_2072_4427</setSpec><setSpec>col_2072_487898</setSpec></header><metadata><record xmlns="http://www.loc.gov/MARC21/slim" xmlns:dcterms="http://purl.org/dc/terms/" xmlns:xsi="http://www.w3.org/2001/XMLSchema-instance" xmlns:doc="http://www.lyncode.com/xoai" xsi:schemaLocation="http://www.loc.gov/MARC21/slim http://www.loc.gov/standards/marcxml/schema/MARC21slim.xsd">
   <leader>00925njm 22002777a 4500</leader>
   <datafield ind2=" " ind1=" " tag="042">
      <subfield code="a">dc</subfield>
   </datafield>
   <datafield ind2=" " ind1=" " tag="720">
      <subfield code="a">Soto-Muñoz, L.</subfield>
      <subfield code="e">author</subfield>
   </datafield>
   <datafield ind2=" " ind1=" " tag="720">
      <subfield code="a">Teixidó, N.</subfield>
      <subfield code="e">author</subfield>
   </datafield>
   <datafield ind2=" " ind1=" " tag="720">
      <subfield code="a">Usall, J.</subfield>
      <subfield code="e">author</subfield>
   </datafield>
   <datafield ind2=" " ind1=" " tag="720">
      <subfield code="a">Casals, C.</subfield>
      <subfield code="e">author</subfield>
   </datafield>
   <datafield ind2=" " ind1=" " tag="720">
      <subfield code="a">Torres, R.</subfield>
      <subfield code="e">author</subfield>
   </datafield>
   <datafield ind2=" " ind1=" " tag="260">
      <subfield code="c">2020-11-06</subfield>
   </datafield>
   <datafield ind2=" " ind1=" " tag="520">
      <subfield code="a">Currently European legislation ((EU) No. 546/2011) requires a rigorous risk assessment before registering a biological fungicide as a postharvest plant protection product for fruit, and before placing it on the market. This evaluation should include information on the ability of the biological control agent (BCA) to colonize, persist and spread, as well as possible pathways of spread under normal conditions of use. Molecular methods based on the detection of nucleic acids by the polymerase chain reaction (PCR) technique can be of great help to researchers working on biological control. In this paper, briefly introduce the program for developing a BCA, and present examples of how molecular tools have been used to generate valuable information for the registration of an effective BCA against post-harvest fruit pathogens.</subfield>
   </datafield>
   <datafield ind1="8" ind2=" " tag="024">
      <subfield code="a">Soto-Muñoz, L., N. Teixidó, J. Usall, C. Casals, and R. Torres. 2020. "Control Biológico De Enfermedades En Poscosecha De Fruta: Herramientas Moleculares Para La Detección Y Cuantificación De Antagonistas". Revista Bio Ciencias 7. doi:10.15741/revbio.07.e958.</subfield>
   </datafield>
   <datafield ind1="8" ind2=" " tag="024">
      <subfield code="a">2007-3380</subfield>
   </datafield>
   <datafield ind1="8" ind2=" " tag="024">
      <subfield code="a">http://hdl.handle.net/20.500.12327/1708</subfield>
   </datafield>
   <datafield ind1="8" ind2=" " tag="024">
      <subfield code="a">https://doi.org/10.15741/revbio.07.e958</subfield>
   </datafield>
   <datafield ind2="0" ind1="0" tag="245">
      <subfield code="a">Contribution of molecular tools in the development of products based on antagonistic microorganisms, for the control of post-harvest diseases</subfield>
   </datafield>
</record></metadata></record></GetRecord></OAI-PMH>